MARC details
| 000 -LEADER |
| fixed length control field |
01861cam a2200457 i 4500 |
| 001 - CONTROL NUMBER |
| control field |
data |
| 005 - DATE AND TIME OF LATEST TRANSACTION |
| control field |
20260322212121.0 |
| 008 - FIXED-LENGTH DATA ELEMENTS--GENERAL INFORMATION |
| fixed length control field |
data |
| 035 ## - SYSTEM CONTROL NUMBER |
| System control number |
18580228 |
| 010 ## - LIBRARY OF CONGRESS CONTROL NUMBER |
| LC control number |
2013910602 |
| 020 ## - INTERNATIONAL STANDARD BOOK NUMBER |
| International Standard Book Number |
0989038904 |
| 020 ## - INTERNATIONAL STANDARD BOOK NUMBER |
| International Standard Book Number |
9780989038904 |
| 035 ## - SYSTEM CONTROL NUMBER |
| System control number |
(OCoLC)855957445 |
| 040 ## - CATALOGING SOURCE |
| Original cataloging agency |
YDXCP |
| Language of cataloging |
eng |
| Transcribing agency |
YDXCP |
| Modifying agency |
DLC |
| -- |
OCLCO |
| -- |
OCLCQ |
| -- |
CCX |
| -- |
OCLCF |
| -- |
DLC |
| 042 ## - AUTHENTICATION CODE |
| Authentication code |
lccopycat |
| 050 00 - LIBRARY OF CONGRESS CALL NUMBER |
| Classification number |
G465 |
| Item number |
.P573 2013 |
| 082 04 - DEWEY DECIMAL CLASSIFICATION NUMBER |
| Classification number |
910.4 |
| Edition information |
23 |
| 245 04 - TITLE STATEMENT |
| Title |
The places we've been : |
| Remainder of title |
field reports from travelers under 35 / |
| Statement of responsibility, etc. |
edited by Asha Veal Brisebois. |
| 250 ## - EDITION STATEMENT |
| Edition statement |
First edition. |
| 264 #1 - PRODUCTION, PUBLICATION, DISTRIBUTION, MANUFACTURE, AND COPYRIGHT NOTICE |
| Place of production, publication, distribution, manufacture |
Chicago : |
| Name of producer, publisher, distributor, manufacturer |
The Places We've Been Books, |
| Date of production, publication, distribution, manufacture, or copyright notice |
2013. |
| 300 ## - PHYSICAL DESCRIPTION |
| Extent |
xii, 386 pages ; |
| Dimensions |
23 cm |
| 336 ## - CONTENT TYPE |
| Content type term |
text |
| Content type code |
txt |
| Source |
rdacontent |
| 337 ## - MEDIA TYPE |
| Media type term |
unmediated |
| Media type code |
n |
| Source |
rdamedia |
| 338 ## - CARRIER TYPE |
| Carrier type term |
volume |
| Carrier type code |
nc |
| Source |
rdacarrier |
| 520 ## - SUMMARY, ETC. |
| Summary, etc. |
"The Places We've Been: Field Reports from Travelers Under 35 offers a peer-written collection of 48 vivid and transportive, personal and original nonfiction pieces that portray contemporary snapshots across the globe."--Cover. |
| 650 #0 - SUBJECT ADDED ENTRY--TOPICAL TERM |
| Topical term or geographic name entry element |
Travelers' writings. |
| 650 #0 - SUBJECT ADDED ENTRY--TOPICAL TERM |
| Topical term or geographic name entry element |
Travel |
| Form subdivision |
Anecdotes. |
| 650 #0 - SUBJECT ADDED ENTRY--TOPICAL TERM |
| Topical term or geographic name entry element |
Travelers |
| Form subdivision |
Anecdotes. |
| 650 #0 - SUBJECT ADDED ENTRY--TOPICAL TERM |
| Topical term or geographic name entry element |
Voyages and travels |
| Form subdivision |
Anecdotes. |
| 650 #7 - SUBJECT ADDED ENTRY--TOPICAL TERM |
| Topical term or geographic name entry element |
Travel. |
| Source of heading or term |
fast |
| Authority record control number or standard number |
(OCoLC)fst01155558 |
| 650 #7 - SUBJECT ADDED ENTRY--TOPICAL TERM |
| Topical term or geographic name entry element |
Travelers. |
| Source of heading or term |
fast |
| Authority record control number or standard number |
(OCoLC)fst01155691 |
| 650 #7 - SUBJECT ADDED ENTRY--TOPICAL TERM |
| Topical term or geographic name entry element |
Travelers' writings. |
| Source of heading or term |
fast |
| Authority record control number or standard number |
(OCoLC)fst01155719 |
| 650 #7 - SUBJECT ADDED ENTRY--TOPICAL TERM |
| Topical term or geographic name entry element |
Voyages and travels. |
| Source of heading or term |
fast |
| Authority record control number or standard number |
(OCoLC)fst01169308 |
| 655 #7 - INDEX TERM--GENRE/FORM |
| Genre/form data or focus term |
Anecdotes. |
| Source of term |
fast |
| Authority record control number or standard number |
(OCoLC)fst01423876 |
| 655 #7 - INDEX TERM--GENRE/FORM |
| Genre/form data or focus term |
Anecdotes. |
| Source of term |
lcgft |
| Authority record control number or standard number |
https://id.loc.gov/authorities/genreForms/gf2014026044 |
| 700 1# - ADDED ENTRY--PERSONAL NAME |
| Personal name |
Brisebois, Asha Veal, |
| Relator term |
editor. |
| 906 ## - LOCAL DATA ELEMENT F, LDF (RLIN) |
| a |
7 |
| b |
cbc |
| c |
copycat |
| d |
2 |
| e |
ncip |
| f |
20 |
| g |
y-gencatlg |
| 925 0# - |
| -- |
acquire |
| -- |
1 shelf copies |
| -- |
policy default |